Online
Catalog

Juan Pablo Wojtyla : (Record no. 42305)

MARC details
000 -CABECERA
campo de control de longitud fija 00737nam a2200217 a 4500
001 - NÚMERO DE CONTROL
campo de control 000042816
005 - FECHA Y HORA DE LA ÚLTIMA TRANSACCIÓN
campo de control 20201002040422.0
008 - DATOS DE LONGITUD FIJA--INFORMACIÓN GENERAL
campo de control de longitud fija 140210s1980 sp ac 000 0 spa d
020 ## - NÚMERO INTERNACIONAL ESTÁNDAR DEL LIBRO
Número Internacional Estándar del Libro 8472229009
040 ## - FUENTE DE LA CATALOGACIÓN
Centro catalogador/agencia de origen DO-SdBNP
Lengua de catalogación spa
Centro/agencia transcriptor BNPHU
082 ## - NÚMERO DE LA CLASIFICACIÓN DECIMAL DEWEY
Número de clasificación xxx
Número de documento/Ítem J91A, 1980
100 1# - ENTRADA PRINCIPAL--NOMBRE DE PERSONA
Nombre de persona De Andreis, Stéfano
9 (RLIN) 70169
245 10 - MENCIÓN DE TÍTULO
Título Juan Pablo Wojtyla :
Resto del título (Crónica insólita de un Papa) /
Mención de responsabilidad, etc. Stefano de Andreis, Marcella Leone ; versión del italiano Marta Vassallo.
250 ## - MENCIÓN DE EDICIÓN
Mención de edición 4ª ed.
260 ## - PUBLICACIÓN, DISTRIBUCIÓN, ETC.
Lugar de publicación, distribución, etc. Barcelona :
Nombre del editor, distribuidor, etc. Laia,
Fecha de publicación, distribución, etc. 1980.
300 ## - DESCRIPCIÓN FÍSICA
Extensión 433 p., :
Otras características físicas il., ;
Dimensiones 19 cm.
490 1# - MENCIÓN DE SERIE
Mención de serie Laia paperback
-- documento
Designación de volumen o secuencia 51
700 12 - PUNTO DE ACCESO ADICIONAL--NOMBRE DE PERSONA
Nombre de persona Leone, Marcella
Término indicativo de función/relación tr.
9 (RLIN) 70170
700 12 - PUNTO DE ACCESO ADICIONAL--NOMBRE DE PERSONA
Nombre de persona Vassallo, Marta
9 (RLIN) 70171
830 #0 - PUNTO DE ACCESO ADICIONAL DE SERIE-TÍTULO UNIFORME
Título uniforme Laia paperback
Nombre de parte o sección de la obra documento
Designación de volumen o secuencia 51
9 (RLIN) 70172
Holdings
Estado de retiro Estado de pérdida Restricciones de uso No para préstamo Código de colección Localización permanente Ubicación/localización actual Ubicación en estantería Fecha de adquisición Número de inventario Total de préstamos Signatura topográfica completa Código de barras Fecha visto por última vez Precio válido a partir de Tipo de ítem Koha
      Excluido de préstamo Monografías: Libros y Folletos General General En catalogación 10.02.2014 LF1   xxx J91A, 1980 42816-10 25.06.2020 25.06.2020 No se presta

Powered by Koha